书目信息 |
| 题名: |
北方之钻 匠心营造
|
|
| 作者: | 邓明胜, , 苏亚武, , 刘鹏, 著 | |
| 分册: | ||
| 出版信息: | 北京 中国建筑工业出版社 2019.09 |
|
| 页数: | 371页 | |
| 开本: | 30cm | |
| 丛书名: | 中建八局匠心营造系列丛书 | |
| 单 册: | ||
| 中图分类: | TU974 | |
| 科图分类: | ||
| 主题词: | 超高层建筑--chao gao ceng jian zhu--建筑施工--天津 | |
| 电子资源: | ||
| ISBN: | 978-7-112-21781-6 | |
| 000 | 01813nam 2200301 450 | |
| 001 | 2039378509 | |
| 005 | 20201107105626.83 | |
| 010 | @a978-7-112-21781-6@b精装@dCNY395.00 | |
| 100 | @a20190902d2019 em y0chiy50 ea | |
| 101 | 0 | @achi |
| 102 | @aCN@b110000 | |
| 105 | @aak z 000yy | |
| 200 | 1 | @a北方之钻 匠心营造@Abei fang zhi zuan jiang xin ying zao@e天津周大福金融中心综合施工技术@d= Comprehensive construction technologies of Tianjin chow tai fook finance centre@f邓明胜, 苏亚武, 刘鹏著@zeng |
| 210 | @a北京@c中国建筑工业出版社@d2019.09 | |
| 215 | @a371页@c图 (部分彩图)@d30cm | |
| 225 | 2 | @a中建八局匠心营造系列丛书@Azhong jian ba ju jiang xin ying zao xi lie cong shu |
| 314 | @a邓明胜, 天津周大福金融中心项目总工程师, 教授级高级工程师等职。苏亚武, 天津周大福金融中心项目经理, 高级工程师, 英国皇家特许建造师。刘鹏, 天津周大福金融中心项目副经理, 高级工程师。 | |
| 330 | @a本书七大板块: 工程概况、施工方案优选、智慧建造、施工创新技术、绿色施工、总承包管理、超高层建筑技术展望。施工方案优选: 针对工程重点难点展开方案分析比选 ; 智慧建造: 突出当代信息化建筑技术, 仿真模拟 ; 施工创新技术: 各阶段具体实施的亮点创新技术 ; 绿色施工: 响应节能减排的国家政策 ; 总承包管理: 创新管理模式 ; 超高层技术展望: 吸收、分析、宣传同类超高层建筑的核心技术, 提出展望。 | |
| 410 | 0 | @12001 @a中建八局匠心营造系列丛书 |
| 510 | 1 | @aComprehensive construction technologies of Tianjin chow tai fook finance centre@zeng |
| 517 | 1 | @a天津周大福金融中心综合施工技术@Atian jin zhou da fu jin rong zhong xin zong he shi gong ji shu |
| 606 | 0 | @a超高层建筑@Achao gao ceng jian zhu@x建筑施工@y天津 |
| 690 | @aTU974@v5 | |
| 701 | 0 | @a邓明胜,@Adeng ming sheng@f1963-@4著 |
| 701 | 0 | @a苏亚武,@Asu ya wu@f1977-@4著 |
| 701 | 0 | @a刘鹏,@Aliu peng@f1984-@4著 |
| 801 | 0 | @aCN@b人天书店@c20201003 |
| 905 | @aZUCC@dTU974@eD306 | |
| 北方之钻 匠心营造:天津周大福金融中心综合施工技术= Comprehensive construction technologies of Tianjin chow tai fook finance centre/邓明胜, 苏亚武, 刘鹏著.-北京:中国建筑工业出版社,2019.09 |
| 371页:图 (部分彩图);30cm.-(中建八局匠心营造系列丛书) |
| ISBN 978-7-112-21781-6(精装):CNY395.00 |
| 本书七大板块: 工程概况、施工方案优选、智慧建造、施工创新技术、绿色施工、总承包管理、超高层建筑技术展望。施工方案优选: 针对工程重点难点展开方案分析比选 ; 智慧建造: 突出当代信息化建筑技术, 仿真模拟 ; 施工创新技术: 各阶段具体实施的亮点创新技术 ; 绿色施工: 响应节能减排的国家政策 ; 总承包管理: 创新管理模式 ; 超高层技术展望: 吸收、分析、宣传同类超高层建筑的核心技术, 提出展望。 |
| ● |
| 相关链接 |
|
|
|
正题名:北方之钻 匠心营造
索取号:TU974/D306
 
预约/预借
| 序号 | 登录号 | 条形码 | 馆藏地/架位号 | 状态 | 备注 |
| 1 | 1484861 | 214848619 | 建筑库201/201建筑库 58排2列1层/ [索取号:TU974/D306] | 在馆 |